Statistics for Toronto Raptors 40 Point Games

Click here to take the quiz!

General Stats

  • This quiz has been taken 18 times
  • The average score is 6 of 11

Answer Stats

Player Max Nb % Correct
DeMar DeRozan5213
100%
Kyle Lowry434
100%
Vince Carter5114
94%
Kawhi Leonard452
82%
Chris Bosh449
76%
Pascal Siakam442
71%
Terrence Ross511
53%
Andrea Bargnani411
53%
Charlie Villanueva481
0%
Acie Earl401
0%
Tracy Murray401
0%

Score Distribution

Percentile by Number Answered

Percent of People with Each Score

Your Score History

You have not taken this quiz